Spider Families by Common Name - Statistics

General Stats
  • This quiz has been taken 8 times
  • The average score is 20 of 50
Answer Stats
HINT ANSWER % Correct
Theraphosidae tarantulas
100%
Zodariidae ant spiders
50%
Agelenidae araneomorph funnel-web spiders
50%
Idiopidae armored trapdoor spiders
50%
Trachelidae broad-faced sac spiders
50%
Nesticidae cave cobweb spiders
50%
Leptonetidae cave spiders
50%
Pholcidae cellar spiders
50%
Theridiidae cobweb spiders
50%
Thomisidae crab spiders
50%
Hahniidae dwarf sheet spiders
50%
Anyphaenidae ghost spiders
50%
Orsolobidae giant goblin spiders
50%
Oonopidae goblin spiders
50%
Gnaphosidae ground
50%
Corinnidae ground/ant-mimic sac spiders
50%
Anapidae ground orb-web spiders
50%
Phrurolithidae guardstone spiders
50%
Uloboridae hackled orb-weavers
50%
Amaurobiidae hacklemesh weavers
50%
Sparassidae huntsman spiders
50%
Salticidae jumping spiders
50%
Tetragnathidae long-jawed orb-weavers
50%
Psilodercidae long-legged midget weavers
50%
Prodidomidae long-spinneret ground spiders
50%
Pisauridae nursery web spiders
50%
Araneidae orb-weaver spiders
50%
Philodromidae running crab spiders
50%
Clubionidae sac spiders
50%
Liphistiidae (inc. Heptathelidae) segmented trapdoor spiders
50%
Linyphiidae sheetweb spiders/sheet weavers
50%
Liocranidae spiny-legged sac spiders
50%
Scytodidae spitting spiders
50%
Mysmenidae spurred orb-weavers
50%
Selenopidae wall crab spiders/flatties
50%
Anamidae wishbone spiders
50%
Lycosidae wolf spiders
50%
Cheiracanthiidae yellow sac spiders
50%
Barychelidae brush-footed trapdoor spiders
0%
Filistatidae crevice weavers
0%
Desidae intertidal spiders
0%
Oxyopidae lynx spiders
0%
Dictynidae mesh-webbed spiders
0%
Miturgidae prowling spiders
0%
Cybaeidae soft spiders
0%
Hersiliidae tree trunk spiders
0%
Ctenidae wandering spiders
0%
Lamponidae white-tailed spiders
0%
Nemesiidae wishbone/tube trapdoor spiders
0%
Dysderidae woodlouse hunter spiders
0%
No matching quizzes found
Score Distribution
Percent of People with Each Score
Percentile by Number Answered
Your Score History
You have not taken this quiz